Análisis Numérico Elemental
| Main Authors: | , |
|---|---|
| Format: | Section = Libro |
| Language: | Undetermined Spanish |
| Published: |
México
McGraw-Hill
1974
|
| Edition: | 2a.ed. |
| Subjects: |
| LEADER | 00583nam a2200229Ia 4500 | ||
|---|---|---|---|
| 008 | 240830s9999 xx 000 0 und d | ||
| 020 | |a 0-07-090985-7 | ||
| 040 | |a CEDOC FIQ-RUSB / 004 C761 | ||
| 041 | |a spa | ||
| 082 | |a 004 C761 | ||
| 100 | 1 | |a Conte, S. D. | |
| 100 | 1 | |b Boor, Carl de | |
| 245 | 1 | 0 | |a Análisis Numérico Elemental |
| 250 | |a 2a.ed. | ||
| 260 | |a México |b McGraw-Hill |c 1974 | ||
| 300 | |a 418 p. :il | ||
| 650 | 7 | |a ANÁLISIS NUMÉRICO | |
| 650 | 7 | |b ECUACIONES LINEALES | |
| 650 | 7 | |c ECUACIONES DIFERENCIALES | |
| 942 | |c BK |2 ddc | ||
| 991 | |a TEXTO | ||
| 999 | |c 13106 | ||